Normal view
MARC view
Entry Personal Name
001 - CONTROL NUMBER
- control field: 379728
003 - CONTROL NUMBER IDENTIFIER
- control field: OSt
005 - DATE AND TIME OF LATEST TRANSACTION
- control field: 20220927110655.0
008 - FIXED-LENGTH DATA ELEMENTS
- fixed length control field: 220927|| aca||aabn | a|a d
040 ## - CATALOGING SOURCE
- Original cataloging agency: OSt
- Transcribing agency: OSt
100 ## - HEADING--PERSONAL NAME
- Personal name: "Haryana, Economci And Statistical (Organisation)"
670 ## - SOURCE DATA FOUND
- Source citation: Work cat.: (OSt)697604: "Haryana, Economci And Statistical (Organisation)" 379727, Report on the working of government tubewells in Haryana
